[Event "FRA-ch op-D"]
[Site "L'Alpe d'Huez"]
[Date "2023.08.21"]
[Round "3"]
[White "El Karoui, Noe"]
[Black "Chevillon, Celia"]
[Result "1-0"]
[WhiteElo "1500"]
[BlackElo "1427"]
[PlyCount "77"]
[EventDate "2023.08.19"]
[EventType "swiss"]
[EventRounds "9"]
[EventCountry "FRA"]
[SourceTitle "EXT 2024"]
[Source "ChessBase"]
[SourceDate "2023.10.10"]
[SourceVersion "1"]
[SourceVersionDate "2023.10.10"]
[SourceQuality "1"]

1. e4 e5 2. Nf3 Nc6 3. Bb5 g6 4. 0-0 Bg7 5. Re1 Nge7 6. c3 d6 7. d4 Bd7 8. d5 Nb8 9. Bd3 0-0 10. c4 h6 11. Nc3 f5 12. c5 fxe4 13. Bxe4 Nf5 14. cxd6 cxd6 15. Qd3 Na6 16. Be3 Qf6 17. Rad1 Rfc8 18. a3 Nc5 19. Bxc5 Rxc5 20. Qe2 Rf8 21. Bb1 Qf7 22. Ne4 Bb5 23. Qd2 Rc7 24. Qb4 Qd7 25. h3 Rc4 26. Qb3 Rfc8 27. Nc3 R4c5 28. g4 Ne7 29. Nh4 Kh7 30. Nxb5 Qxb5 31. Qe3 Rxd5 32. Nxg6 Nxg6 33. Qe4 Rdc5 34. Qxg6+ Kg8 35. Rxd6 R5c6 36. Qh7+ Kf8 37. Rd7 Rf6 38. Qxg7+ Ke8 39. Qe7# 1-0